[Event "Gibraltar Masters Open 2015"]
[Site "Caleta ENG"]
[Date "2015.02.04"]
[Round "9"]
[White "Vitiugov, Nikita"]
[Black "Mareco, Sandro"]
[Result "1-0"]
[WhiteElo "2735"]
[BlackElo "2583"]
[PlyCount "122"]
[EventDate "2015.01.27"]

1. d4 Nf6 2. c4 e6 3. Nc3 Bb4 4. Nf3 c5 5. g3 Nc6 6. Bg2 Ne4 7. Bd2 Nxd2 8.
Qxd2 cxd4 9. Nxd4 Ne5 10. Nf3 Qc7 11. Nxe5 Qxe5 12. Rc1 Rb8 13. O-O a6 14. a3
Be7 15. Rfd1 f5 16. b4 O-O 17. c5 b6 18. Na4 bxc5 19. Nxc5 d5 20. e3 Qd6 21.
Rc2 Rd8 22. h4 Qb6 23. Rdc1 Qa7 24. Nb3 Bd7 25. Na5 Rbc8 26. Nc6 Bxc6 27. Rxc6
Rxc6 28. Rxc6 Kf7 29. Qe2 Rd6 30. Qh5+ Kf8 31. Rc8+ Rd8 32. Qxh7 Rxc8 33. Qh8+
Kf7 34. Qxc8 a5 35. Bxd5 exd5 36. Qxf5+ Ke8 37. Qc8+ Kf7 38. Qf5+ Ke8 39. Qxd5
axb4 40. axb4 Qb6 41. b5 Bc5 42. Qg8+ Bf8 43. Qc4 Bc5 44. Kg2 Qb7+ 45. e4 Qb6
46. f3 Ke7 47. e5 Bd4 48. f4 Qb7+ 49. Qc6 Qa7 50. Qd6+ Ke8 51. Qa6 Qd7 52. Qc6
Qxc6+ 53. bxc6 Kd8 54. h5 Kc7 55. g4 Bc5 56. g5 Kxc6 57. h6 gxh6 58. g6 Bf8 59.
f5 Kd5 60. f6 Ke6 61. Kh3 Kd5 1-0

[Event "Gibraltar Masters Open 2015"]
[Site "Caleta ENG"]
[Date "2015.02.04"]
[Round "9"]
[White "Yu, Yangyi"]
[Black "Wagner, Dennis"]
[Result "1/2-1/2"]
[WhiteElo "2724"]
[BlackElo "2501"]
[PlyCount "79"]
[EventDate "2015.01.27"]

1. e4 e5 2. Nf3 Nc6 3. Bb5 a6 4. Ba4 Nf6 5. d3 d6 6. c3 g6 7. Nbd2 Bg7 8. O-O
O-O 9. Re1 b5 10. Bc2 Bb7 11. a4 Nd7 12. b4 Nb6 13. a5 Nd7 14. Bb3 Ne7 15. Nf1
c5 16. Bg5 Kh8 17. Ne3 f6 18. Bh4 Bh6 19. Be6 Bxe3 20. fxe3 d5 21. exd5 Nxd5
22. Bxd5 Bxd5 23. e4 Bb7 24. d4 cxd4 25. cxd4 Qe7 26. dxe5 Nxe5 27. Nxe5 Qxe5
28. Qd7 Bxe4 29. Rad1 Rac8 30. Qd6 Qxd6 31. Rxd6 f5 32. Rxa6 Rc2 33. Bf2 Rd8
34. h4 Rdd2 35. Rf1 Kg8 36. Ra7 Bd3 37. Re1 Be4 38. Rf1 Bd3 39. Re1 Be4 40. Rf1
1/2-1/2

[Event "Gibraltar Masters Open 2015"]
[Site "Caleta ENG"]
[Date "2015.02.04"]
[Round "9"]
[White "Harikrishna, Pentala"]
[Black "Padmini, Rout"]
[Result "1-0"]
[WhiteElo "2723"]
[BlackElo "2388"]
[PlyCount "47"]
[EventDate "2015.01.27"]

1. d4 Nf6 2. Nf3 g6 3. Bg5 Bg7 4. Nbd2 d5 5. e3 O-O 6. Bd3 c5 7. c3 b6 8. Qe2
Bb7 9. h4 Nbd7 10. h5 a6 11. hxg6 hxg6 12. Ne5 Nh7 13. Bf4 Qc8 14. Ng4 f5 15.
Nh6+ Bxh6 16. Rxh6 Rf6 17. O-O-O Ndf8 18. Rdh1 Bc6 19. Be5 Rf7 20. Nf3 c4 21.
Bc2 e6 22. Nh4 Rg7 23. Bxg7 Kxg7 24. Nxg6 1-0

[Event "Gibraltar Masters Open 2015"]
[Site "Caleta ENG"]
[Date "2015.02.04"]
[Round "9"]
[White "Hou, Yifan"]
[Black "Rapport, Richard"]
[Result "1-0"]
[WhiteElo "2673"]
[BlackElo "2716"]
[PlyCount "79"]
[EventDate "2015.01.27"]

1. e4 g6 2. Nc3 Bg7 3. d4 a6 4. f4 d5 5. e5 h5 6. Nf3 Bg4 7. h3 Bxf3 8. Qxf3 e6
9. g3 Ne7 10. Be3 Nbc6 11. g4 Qd7 12. O-O-O O-O-O 13. Bd3 hxg4 14. hxg4 f6 15.
exf6 Bxf6 16. Qf2 Qd6 17. a3 Kb8 18. Kb1 Rdf8 19. Ne2 Na5 20. Bd2 Nac6 21. Bc1
Bg7 22. Qe3 Na5 23. Rhe1 Nac6 24. Rh1 Na5 25. Bd2 Nc4 26. Bxc4 dxc4 27. Rxh8
Rxh8 28. Re1 Qc6 29. Bc1 Rh4 30. f5 Rxg4 31. fxe6 Re4 32. Qf3 Rxe6 33. Qf7 Nd5
34. Qxg7 Ka7 35. Qf8 c3 36. Qc5+ Qxc5 37. dxc5 c6 38. Bg5 Re5 39. Bh4 cxb2 40.
Kxb2 1-0

[Event "Grenke Chess Classic 2015"]
[Site "Baden Baden GER"]
[Date "2015.02.06"]
[Round "4"]
[White "Baramidze, D."]
[Black "Naiditsch, A."]
[Result "0-1"]
[WhiteElo "2594"]
[BlackElo "2706"]
[PlyCount "54"]
[EventDate "2015.02.02"]

1. c4 c5 2. g3 Nc6 3. Bg2 g6 4. Nf3 Bg7 5. O-O d6 6. Nc3 f5 7. a3 a5 8. Rb1 Bd7
9. b3 e5 10. Nb5 Qb8 11. d4 cxd4 12. e3 Nce7 13. exd4 e4 14. Ng5 h6 15. Nh3
Bxb5 16. cxb5 Nd5 17. Nf4 Nge7 18. f3 Nc3 19. Qc2 Bxd4+ 20. Kh1 Nxb1 21. fxe4
Nc3 22. exf5 gxf5 23. Ng6 Nxg6 24. Qxf5 Ne7 25. Qf7+ Kd8 26. b6 Qc8 27. Bxh6
Ne2 0-1

[Event "Grenke Chess Classic 2015"]
[Site "Baden Baden GER"]
[Date "2015.02.06"]
[Round "4"]
[White "Caruana, F."]
[Black "Adams, Mi"]
[Result "1/2-1/2"]
[WhiteElo "2811"]
[BlackElo "2738"]
[PlyCount "85"]
[EventDate "2015.02.02"]

1. d4 d5 2. c4 c6 3. Nf3 Nf6 4. Qb3 dxc4 5. Qxc4 Bg4 6. Nbd2 e6 7. g3 Be7 8.
Bg2 O-O 9. O-O a5 10. Ne5 Bh5 11. h3 Nbd7 12. g4 Bg6 13. e4 Qb6 14. Kh1 Qb4 15.
Nxd7 Nxd7 16. f4 Qxc4 17. Nxc4 f5 18. gxf5 exf5 19. e5 Bf7 20. Ne3 g6 21. d5
cxd5 22. Nxd5 Bxd5 23. Bxd5+ Kg7 24. Bxb7 Rab8 25. Bf3 Nc5 26. b3 Rfd8 27. Ba3
Kf8 28. Rad1 Nd3 29. Bxe7+ Kxe7 30. Be2 Nc5 31. Kg2 h6 32. Bc4 Ne4 33. Rd5 Rxd5
34. Bxd5 Rd8 35. Bxe4 fxe4 36. Rc1 Rd2+ 37. Kg3 Rd3+ 38. Kf2 Rxh3 39. Rc7+ Ke6
40. Rc6+ Kf7 41. Rc7+ Ke6 42. Rc6+ Kf7 43. Rc7+ 1/2-1/2

[Event "Grenke Chess Classic 2015"]
[Site "Baden Baden GER"]
[Date "2015.02.06"]
[Round "4"]
[White "Bacrot, E."]
[Black "Aronian, L."]
[Result "1/2-1/2"]
[WhiteElo "2711"]
[BlackElo "2777"]
[PlyCount "59"]
[EventDate "2015.02.02"]

1. d4 Nf6 2. c4 e6 3. Nf3 d5 4. Nc3 Bb4 5. Qa4+ Nc6 6. e3 O-O 7. Qc2 Bd6 8. c5
Be7 9. Bb5 Nb8 10. a3 b6 11. b4 a5 12. Rb1 c6 13. Bd3 axb4 14. axb4 Nbd7 15.
O-O Qc7 16. Ne2 Ba6 17. Nf4 Rfb8 18. Bb2 bxc5 19. bxc5 Qc8 20. Bc3 Bd8 21. Rxb8
Rxb8 22. Ra1 Ra8 23. Bxa6 Rxa6 24. Rb1 Qa8 25. Nd3 h6 26. Nd2 Ra2 27. Rb2 Ra1+
28. Rb1 Ra2 29. Rb2 Ra1+ 30. Rb1 1/2-1/2

[Event "Grenke Chess Classic 2015"]
[Site "Baden Baden GER"]
[Date "2015.02.07"]
[Round "5"]
[White "Carlsen, M."]
[Black "Baramidze, D."]
[Result "1-0"]
[WhiteElo "2865"]
[BlackElo "2594"]
[PlyCount "97"]
[EventDate "2015.02.02"]

1. e4 e5 2. Nf3 Nc6 3. Bb5 a6 4. Ba4 Nf6 5. O-O Be7 6. Re1 b5 7. Bb3 d6 8. c3
O-O 9. h3 Nb8 10. d4 Nbd7 11. Nbd2 Bb7 12. Bc2 Re8 13. Nf1 Bf8 14. Ng3 g6 15.
a4 Bg7 16. Bd3 c6 17. Bg5 Nf8 18. Qd2 Ne6 19. Bh6 Nd7 20. Bc2 Bxh6 21. Qxh6 Qf6
22. Rad1 Rad8 23. d5 cxd5 24. exd5 Qf4 25. Qxf4 Nxf4 26. Ne4 Bxd5 27. axb5 axb5
28. Nxd6 Re6 29. Ne4 f5 30. Nfg5 Re7 31. g3 Bxe4 32. Bxe4 fxe4 33. gxf4 Rf8 34.
Nxe4 Rxf4 35. b4 Nf6 36. Nd6 Rf3 37. Nxb5 Rxh3 38. c4 Rh4 39. Nd6 Nh5 40. b5
Nf4 41. b6 Rg4+ 42. Kf1 Rh4 43. f3 Rh1+ 44. Kf2 Rh2+ 45. Kg1 Rc2 46. Kh1 Nh3
47. Ne4 Rxc4 48. Rd8+ Kg7 49. Rb1 1-0

[Event "Grenke Chess Classic 2015"]
[Site "Baden Baden GER"]
[Date "2015.02.07"]
[Round "5"]
[White "Adams, Mi"]
[Black "Bacrot, E."]
[Result "1/2-1/2"]
[WhiteElo "2738"]
[BlackElo "2711"]
[PlyCount "129"]
[EventDate "2015.02.02"]

1. c4 Nf6 2. g3 g6 3. Bg2 c5 4. Nc3 Bg7 5. Nf3 O-O 6. d4 cxd4 7. Nxd4 Nc6 8.
O-O Qa5 9. Nb3 Qh5 10. Nd5 d6 11. Nf4 Qe5 12. e4 Bg4 13. f3 Bd7 14. Rf2 b5 15.
Nd3 Qh5 16. Nf4 Qe5 17. c5 dxc5 18. Nd3 Qc7 19. Nbxc5 Rfd8 20. Qe1 Be8 21. Bf4
e5 22. Be3 a5 23. Rc1 Qe7 24. Rd2 Nd4 25. Nb3 Nd7 26. Nxd4 exd4 27. Bf4 Rdc8
28. Bh3 Rc4 29. Rdd1 a4 30. Bd2 Ne5 31. Nxe5 Qxe5 32. Bf1 Rxc1 33. Bxc1 Qe6 34.
a3 Rc8 35. Bd3 Qb3 36. Qe2 Bd7 37. Bf4 Be6 38. h4 Bc4 39. e5 Bxd3 40. Rxd3 Qd5
41. Kg2 h5 42. Qd2 Rc4 43. Qe2 b4 44. axb4 Rxb4 45. Kf2 Qb5 46. Rd2 Qd5 47. Qe4
Qa2 48. Qc2 Kh7 49. Kg2 Qa1 50. Rf2 a3 51. bxa3 Rb1 52. Qd3 Rd1 53. Bd2 Rg1+
54. Kh3 Rh1+ 55. Rh2 Qg1 56. Qe2 Bxe5 57. f4 Bd6 58. a4 d3 59. Qg2 Rxh2+ 60.
Qxh2 Qd1 61. Qg2 Ba3 62. a5 Bc1 63. Qd5 Qf1+ 64. Kh2 Qe2+ 65. Kh3 1/2-1/2

[Event "Grenke Chess Classic 2015"]
[Site "Baden Baden GER"]
[Date "2015.02.07"]
[Round "5"]
[White "Naiditsch, A."]
[Black "Caruana, F."]
[Result "1/2-1/2"]
[WhiteElo "2706"]
[BlackElo "2811"]
[PlyCount "129"]
[EventDate "2015.02.02"]

1. e4 e5 2. Nf3 Nc6 3. Bb5 a6 4. Ba4 Nf6 5. O-O Be7 6. Re1 b5 7. Bb3 O-O 8. c3
d5 9. exd5 Nxd5 10. Nxe5 Nxe5 11. Rxe5 c6 12. d3 Bd6 13. Re1 Bf5 14. Qf3 Qh4
15. g3 Qh3 16. Be3 Bxd3 17. Nd2 Qf5 18. Bd4 Rfe8 19. a4 h6 20. Kg2 Rxe1 21.
Rxe1 Kf8 22. Qxf5 Bxf5 23. Ne4 Bxe4+ 24. Rxe4 Rb8 25. axb5 axb5 26. Re1 Nb6 27.
Rd1 Be7 28. Bc2 Nc4 29. b4 Rd8 30. Be4 Nd6 31. Bb6 Rc8 32. Bd3 Ne8 33. Bf5 Rb8
34. Be3 Nf6 35. Bd4 Nd5 36. Be4 Rd8 37. Ra1 Bf6 38. Bxf6 gxf6 39. Bxd5 Rxd5 40.
Ra6 Rd6 41. Kf1 Re6 42. f4 f5 43. Ra8+ Kg7 44. Rc8 Kf6 45. Kg2 Kg6 46. Kh3 Kg7
47. Kg2 Kg6 48. Kf3 Kg7 49. Rc7 Kf6 50. h3 h5 51. Rc8 Kg7 52. Kf2 Kh7 53. Kg2
Rd6 54. Kf2 Re6 55. Kf3 Kg7 56. Rc7 Kf6 57. Rd7 Re4 58. Rd6+ Re6 59. Rd4 Re1
60. Kf2 Re6 61. c4 bxc4 62. Rxc4 Kg6 63. Rc2 f6 64. Rc4 Re4 65. Rxc6 1/2-1/2

[Event "Grenke Chess Classic 2015"]
[Site "Baden Baden GER"]
[Date "2015.02.07"]
[Round "5"]
[White "Aronian, L."]
[Black "Anand, V."]
[Result "1-0"]
[WhiteElo "2777"]
[BlackElo "2797"]
[PlyCount "67"]
[EventDate "2015.02.02"]

1. c4 e6 2. Nc3 Nf6 3. Nf3 d5 4. d4 Bb4 5. cxd5 exd5 6. Qa4+ Nc6 7. Bg5 h6 8.
Bxf6 Qxf6 9. e3 O-O 10. Be2 a6 11. O-O Be6 12. Rfc1 Bd6 13. a3 Ne7 14. b4 c6
15. Qb3 g5 16. Qb2 Qg7 17. Na4 Rae8 18. Nc5 Bc8 19. g3 Nf5 20. Bd3 Qf6 21. Rf1
h5 22. Rac1 h4 23. Qd2 Nh6 24. e4 Bxc5 25. e5 Qg7 26. bxc5 f6 27. exf6 Rxf6 28.
Nxg5 Bf5 29. Rce1 Rff8 30. Rxe8 Rxe8 31. Nf3 Bxd3 32. Qxd3 Re4 33. Re1 hxg3 34.
hxg3 1-0

[Event "Moscow Open  2015"]
[Site "Moscow RUS"]
[Date "2015.02.08"]
[Round "9"]
[White "Nepomniachtchi, Ian"]
[Black "Petrosian, Tigran L"]
[Result "1/2-1/2"]
[WhiteElo "2714"]
[BlackElo "2663"]
[PlyCount "71"]
[EventDate "2015.01.31"]

1. e4 d6 2. d4 Nf6 3. Nc3 g6 4. Nf3 Bg7 5. Be3 O-O 6. h3 c6 7. a4 Nbd7 8. a5
Rb8 9. d5 a6 10. Be2 cxd5 11. exd5 b5 12. axb6 Nxb6 13. Bxa6 Bxa6 14. Rxa6 Nc4
15. Bd4 Nxb2 16. Qe2 Ra8 17. O-O Rxa6 18. Qxa6 Qa8 19. Ra1 Qxa6 20. Rxa6 Nc4
21. Ra7 Re8 22. g4 h6 23. Kf1 Nh7 24. Bxg7 Kxg7 25. Nd4 Nf6 26. Nc6 Kf8 27. Rb7
Nd2+ 28. Ke2 Nde4 29. Nxe4 Nxe4 30. c4 e6 31. dxe6 Rxe6 32. Rb8+ Kg7 33. Nd4
Re7 34. Nc6 Re6 35. Nd4 Re7 36. Nc6 1/2-1/2

[Event "Moscow Open  2015"]
[Site "Moscow RUS"]
[Date "2015.02.08"]
[Round "9"]
[White "Vallejo Pons, Francisco"]
[Black "Ponkratov, Pavel"]
[Result "1-0"]
[WhiteElo "2706"]
[BlackElo "2620"]
[PlyCount "57"]
[EventDate "2015.01.31"]

1. e4 e6 2. d4 d5 3. Nc3 Nf6 4. e5 Nfd7 5. f4 c5 6. Nf3 Nc6 7. Be3 a6 8. Qd2 b5
9. a3 Qa5 10. Be2 b4 11. Nd1 bxa3 12. Qxa5 Nxa5 13. dxc5 Nc4 14. b4 a5 15. Bxc4
dxc4 16. Rxa3 Rb8 17. Rxa5 Rxb4 18. c3 Rb3 19. Nd2 Bb7 20. Nxb3 cxb3 21. O-O
Be7 22. Nb2 O-O 23. Rd1 Bc6 24. Rxd7 Bxd7 25. Ra7 Bc6 26. Rxe7 Ra8 27. Rc7 Be4
28. c6 g5 29. Ra7 1-0

[Event "Moscow Open  2015"]
[Site "Moscow RUS"]
[Date "2015.02.08"]
[Round "9"]
[White "Inarkiev, Ernesto"]
[Black "Lysyj, Igor"]
[Result "1-0"]
[WhiteElo "2675"]
[BlackElo "2700"]
[PlyCount "107"]
[EventDate "2015.01.31"]

1. e4 e6 2. d4 d5 3. Nc3 Nf6 4. Bg5 dxe4 5. Nxe4 Be7 6. Bxf6 Bxf6 7. Nf3 O-O 8.
Qd2 Be7 9. Bd3 Nd7 10. O-O c5 11. Nxc5 Bxc5 12. dxc5 Nxc5 13. Rad1 Nxd3 14.
Qxd3 Qxd3 15. Rxd3 f6 16. Nd2 e5 17. Ne4 Bf5 18. f3 Rac8 19. c3 Rfd8 20. Rfd1
Rxd3 21. Rxd3 Kf8 22. Kf2 Be6 23. b3 Ke7 24. c4 a6 25. a4 b6 26. Ke3 f5 27. Nc3
h6 28. f4 Rc5 29. h4 exf4+ 30. Kxf4 g6 31. Nd5+ Bxd5 32. cxd5 Rc2 33. Re3+ Kd7
34. Rg3 Rf2+ 35. Ke5 Re2+ 36. Kf6 g5 37. hxg5 f4 38. Rg4 hxg5 39. Kxg5 Kd6 40.
Kxf4 Kxd5 41. b4 Ra2 42. a5 bxa5 43. bxa5 Ke6 44. Rg6+ Kf7 45. Rg5 Ra4+ 46. Kf3
Rc4 47. Rd5 Rc6 48. Rd7+ Ke8 49. Rd5 Kf7 50. Kg4 Kg6 51. Kh4 Kf7 52. g4 Rh6+
53. Kg5 Rg6+ 54. Kh5 1-0

[Event "Grenke Chess Classic 2015"]
[Site "Baden Baden GER"]
[Date "2015.02.08"]
[Round "6"]
[White "Aronian, L."]
[Black "Adams, Mi"]
[Result "1/2-1/2"]
[WhiteElo "2777"]
[BlackElo "2738"]
[PlyCount "112"]
[EventDate "2015.02.02"]

1. c4 e5 2. Nc3 Nf6 3. Nf3 Nc6 4. g3 Bb4 5. Bg2 O-O 6. O-O e4 7. Ng5 Bxc3 8.
bxc3 Re8 9. f3 exf3 10. Nxf3 d5 11. d4 h6 12. cxd5 Qxd5 13. e3 Bf5 14. Nd2 Qd7
15. Nb3 Ne4 16. c4 b6 17. Rf4 Rad8 18. Qf1 Bg6 19. Ba3 Na5 20. Bb4 Nxb3 21.
axb3 c5 22. Bxe4 Rxe4 23. Rxe4 Bxe4 24. Bc3 Bc2 25. b4 cxb4 26. Bxb4 a5 27. Bc3
Rc8 28. Rc1 Bb3 29. c5 Qe6 30. Qf4 a4 31. e4 bxc5 32. d5 Qd7 33. h4 f6 34. g4
Re8 35. Re1 Bc2 36. g5 hxg5 37. hxg5 fxg5 38. Qxg5 Rxe4 39. Rxe4 Bxe4 40. d6 a3
41. Qxc5 Qg4+ 42. Kf2 Qf3+ 43. Ke1 Qg3+ 44. Kd2 Qd3+ 45. Ke1 a2 46. Qd4 Qg3+
47. Kd2 Qg2+ 48. Ke3 Qf3+ 49. Kd2 Qg2+ 50. Ke3 Bf5 51. d7 Qg3+ 52. Ke2 Bg4+ 53.
Kf1 Bh3+ 54. Ke2 Qg2+ 55. Ke1 Qg3+ 56. Ke2 Qg2+ 1/2-1/2

[Event "Grenke Chess Classic 2015"]
[Site "Baden Baden GER"]
[Date "2015.02.08"]
[Round "6"]
[White "Bacrot, E."]
[Black "Naiditsch, A."]
[Result "1/2-1/2"]
[WhiteElo "2711"]
[BlackElo "2706"]
[PlyCount "74"]
[EventDate "2015.02.02"]

1. d4 Nf6 2. c4 e6 3. Nf3 Bb4+ 4. Nbd2 b6 5. g3 Bb7 6. Bg2 O-O 7. O-O a5 8. Qc2
Bxd2 9. Bxd2 Be4 10. Qc1 d6 11. Rd1 Nbd7 12. Bc3 Qe7 13. b3 a4 14. Bf1 Rfb8 15.
Nd2 Bg6 16. Bg2 d5 17. Nf3 c6 18. Nh4 Bh5 19. Qc2 b5 20. h3 axb3 21. axb3 bxc4
22. bxc4 Nb6 23. cxd5 cxd5 24. Rxa8 Rxa8 25. Ra1 Rxa1+ 26. Bxa1 Nc4 27. Qa2 g5
28. Nf3 Ne4 29. Ne5 Nxe5 30. Bxe4 dxe4 31. dxe5 e3 32. fxe3 Qb7 33. Qd2 Qb1+
34. Kh2 Qxa1 35. Qd8+ Kg7 36. Qf6+ Kg8 37. Qd8+ Kg7 1/2-1/2

[Event "Grenke Chess Classic 2015"]
[Site "Baden Baden GER"]
[Date "2015.02.08"]
[Round "6"]
[White "Caruana, F."]
[Black "Carlsen, M."]
[Result "1/2-1/2"]
[WhiteElo "2811"]
[BlackElo "2865"]
[PlyCount "52"]
[EventDate "2015.02.02"]

1. e4 e5 2. Nf3 Nc6 3. Bb5 Nf6 4. O-O Nxe4 5. d4 Nd6 6. Bxc6 dxc6 7. dxe5 Nf5
8. Qxd8+ Kxd8 9. h3 h6 10. Rd1+ Ke8 11. Nc3 Ne7 12. Bf4 Ng6 13. Bh2 Bb4 14. Ne2
Be7 15. Nfd4 Nf8 16. g4 h5 17. Nf5 Ne6 18. Kg2 b6 19. f3 c5 20. Bg3 Bg5 21. h4
hxg4 22. hxg5 gxf3+ 23. Kxf3 Nxg5+ 24. Kf4 Nh3+ 25. Ke4 Ng5+ 26. Kf4 Nh3+
1/2-1/2

[Event "Grenke Chess Classic 2015"]
[Site "Baden Baden GER"]
[Date "2015.02.08"]
[Round "6"]
[White "Anand, V."]
[Black "Baramidze, D."]
[Result "1-0"]
[WhiteElo "2797"]
[BlackElo "2594"]
[PlyCount "129"]
[EventDate "2015.02.02"]

1. e4 e5 2. Nf3 Nc6 3. Bb5 a6 4. Ba4 Nf6 5. O-O Be7 6. Re1 b5 7. Bb3 d6 8. c3
O-O 9. h3 Nb8 10. d4 Nbd7 11. Nbd2 Bb7 12. Bc2 Re8 13. Nf1 Bf8 14. Ng3 g6 15.
a4 Bg7 16. Bd3 c6 17. Be3 Qc7 18. Qd2 exd4 19. cxd4 c5 20. d5 c4 21. Bc2 Rec8
22. axb5 c3 23. bxc3 Nxd5 24. exd5 Bxc3 25. Qd1 Bxa1 26. Qxa1 axb5 27. Qd4 Qc3
28. Ne4 Qxd4 29. Nxd4 Bxd5 30. Nxd6 Rc5 31. N6xb5 Ra2 32. Bh6 Ra8 33. Bd3 Rd8
34. Bg5 Ra8 35. Be7 Rcc8 36. Nd6 Rc7 37. N4b5 Rc6 38. Bf1 Kg7 39. g4 f6 40. g5
Rb8 41. h4 h5 42. Bh3 f5 43. Bf1 Kg8 44. Rd1 Bf3 45. Ra1 Bd5 46. f4 Nc5 47. Rd1
Bf3 48. Bc4+ Kh7 49. Rf1 Be4 50. Ra1 Nd3 51. Nd4 Rc7 52. Nxe4 fxe4 53. Bf6 Rcb7
54. Ne6 Rb1+ 55. Rxb1 Rxb1+ 56. Kg2 Rb8 57. Kf1 Rc8 58. Bd5 Re8 59. Be5 Rc8 60.
Ke2 Nc5 61. Nxc5 Rxc5 62. Bxe4 Ra5 63. Ke3 Ra3+ 64. Kd4 Ra5 65. f5 1-0

[Event "Grenke Chess Classic 2015"]
[Site "Baden Baden GER"]
[Date "2015.02.09"]
[Round "7"]
[White "Carlsen, M."]
[Black "Bacrot, E."]
[Result "1/2-1/2"]
[WhiteElo "2865"]
[BlackElo "2711"]
[PlyCount "92"]
[EventDate "2015.02.02"]

1. d4 Nf6 2. Nf3 g6 3. Bg5 Bg7 4. Nbd2 O-O 5. e3 d6 6. Bc4 Nbd7 7. O-O Qe8 8.
a4 e5 9. a5 e4 10. Ne1 h6 11. Bh4 c6 12. Bb3 Nh5 13. f3 exf3 14. Qxf3 Ndf6 15.
Nd3 Bg4 16. Qf2 Be6 17. Bxe6 Qxe6 18. Qf3 g5 19. Bf2 g4 20. Qe2 Rae8 21. a6 b6
22. Rae1 Nd5 23. e4 f5 24. Qd1 fxe4 25. Rxe4 Qf5 26. Qxg4 Qxg4 27. Rxg4 Re2 28.
Rd1 Nhf6 29. Rg3 Nh5 30. Rf3 Rxf3 31. gxf3 Ne3 32. Bxe3 Rxe3 33. Nc4 Rxf3 34.
Nb4 b5 35. Na5 c5 36. Nbc6 Rf7 37. Nb7 Nf4 38. dxc5 dxc5 39. Nxa7 Bd4+ 40. Kh1
Nh3 41. Kg2 Nf4+ 42. Kg3 Ne2+ 43. Kg4 Rf4+ 44. Kh3 Rf3+ 45. Kg4 Rf4+ 46. Kh3
Rf3+ 1/2-1/2

[Event "Grenke Chess Classic 2015"]
[Site "Baden Baden GER"]
[Date "2015.02.09"]
[Round "7"]
[White "Naiditsch, A."]
[Black "Aronian, L."]
[Result "1/2-1/2"]
[WhiteElo "2706"]
[BlackElo "2777"]
[PlyCount "109"]
[EventDate "2015.02.02"]

1. e4 e5 2. Nf3 Nc6 3. Nc3 Nf6 4. d4 exd4 5. Nxd4 Bb4 6. Nxc6 bxc6 7. Bd3 O-O
8. O-O Re8 9. Qf3 Bd6 10. Bf4 Bxf4 11. Qxf4 d6 12. Rae1 Nd7 13. Qd2 Nc5 14. f4
a5 15. b3 Qf6 16. e5 Qd8 17. Rf3 Nxd3 18. Qxd3 Qh4 19. g3 Qd8 20. Rfe3 Bg4 21.
Ne4 dxe5 22. Nf2 Qxd3 23. Nxd3 Bf5 24. Rxe5 Rxe5 25. Rxe5 g6 26. Kf2 Bxd3 27.
cxd3 a4 28. b4 a3 29. Ke3 Rb8 30. Re4 Kf8 31. Rc4 c5 32. bxc5 Rb2 33. Kd4 Rxa2
34. Ra4 Rxh2 35. Rxa3 Ke7 36. Kd5 Kd7 37. g4 Rh3 38. c6+ Ke7 39. Ra7 Rxd3+ 40.
Ke4 Rc3 41. Rxc7+ Ke6 42. Rc8 Kd6 43. Rd8+ Ke6 44. Re8+ Kd6 45. Rd8+ Ke6 46.
f5+ gxf5+ 47. gxf5+ Ke7 48. Rd7+ Ke8 49. Rd6 Ke7 50. Rh6 Rc5 51. Kf4 Rd5 52.
Rxh7 Rd6 53. Kg5 Rxc6 54. Rh8 Rc1 55. Ra8 1/2-1/2

[Event "Grenke Chess Classic 2015"]
[Site "Baden Baden GER"]
[Date "2015.02.09"]
[Round "7"]
[White "Baramidze, D."]
[Black "Caruana, F."]
[Result "1/2-1/2"]
[WhiteElo "2594"]
[BlackElo "2811"]
[PlyCount "169"]
[EventDate "2015.02.02"]

1. Nf3 Nf6 2. c4 g6 3. g3 Bg7 4. Bg2 O-O 5. O-O c5 6. d4 cxd4 7. Nxd4 Nc6 8.
Nc3 Qa5 9. Nb3 Qh5 10. e4 d6 11. Qxh5 Nxh5 12. c5 a5 13. a4 dxc5 14. Nxc5 Rb8
15. Rd1 b6 16. Nd7 Bxd7 17. Rxd7 Rfd8 18. Rxd8+ Rxd8 19. Be3 Bd4 20. e5 Bxe3
21. Bxc6 Bc5 22. Re1 Ng7 23. Kg2 Bd4 24. Nd5 Kf8 25. Re2 Bc5 26. b4 axb4 27.
Rb2 Ne6 28. Nxb4 Nc7 29. Rb3 Rd2 30. Nd3 Bd4 31. Bb5 Nd5 32. Kf3 Nc3 33. Ba6
Nxa4 34. Rb4 Nc5 35. Rxd4 Nxa6 36. Ke3 Ra2 37. Rd8+ Kg7 38. Rd7 Ra3 39. Kd2 e6
40. Ra7 Ra5 41. f4 h5 42. h4 Ra2+ 43. Kc3 Ra4 44. Ra8 b5 45. Kd2 Ra2+ 46. Kc1
Ra4 47. Kd2 Nc5 48. Rxa4 Nxa4 49. Kc2 Nb6 50. Nc5 Kf8 51. Kc3 Nd5+ 52. Kd4 Ke7
53. Ne4 f6 54. Kc5 f5 55. Nd2 b4 56. Kc4 Kd7 57. Kb5 Kd8 58. Kc4 Kc8 59. Nb3
Kd7 60. Nd2 Kc6 61. Nf3 Ne3+ 62. Kxb4 Kd5 63. Nd2 Nd1 64. Kb5 Nc3+ 65. Kb6 Ne2
66. Nf1 Ke4 67. Kc6 Nxg3 68. Nxg3+ Kxf4 69. Nf1 Kxe5 70. Kd7 f4 71. Nd2 Kf6 72.
Kc6 g5 73. Ne4+ Kf5 74. Nxg5 Kg4 75. Kd6 Kxh4 76. Ne4 Kg4 77. Kxe6 h4 78. Ke5
f3 79. Kd4 h3 80. Ke3 h2 81. Nf2+ Kg3 82. Nh1+ Kg2 83. Nf2 h1=Q 84. Nxh1 Kxh1
85. Kxf3 1/2-1/2

[Event "Grenke Chess Classic (tie-break) 2015"]
[Site "Baden Baden GER"]
[Date "2015.02.08"]
[Round "1"]
[White "Carlsen, Magnus"]
[Black "Naiditsch, Arkadij"]
[Result "1-0"]
[WhiteElo "2865"]
[BlackElo "2706"]
[PlyCount "79"]
[EventDate "2015.02.08"]

1. d4 Nf6 2. c4 e6 3. Nf3 Bb4+ 4. Nbd2 b6 5. a3 Bxd2+ 6. Qxd2 O-O 7. e3 Bb7 8.
b4 a5 9. Bb2 axb4 10. axb4 Ne4 11. Qc2 Rxa1+ 12. Bxa1 Qe7 13. c5 f5 14. Be2 Nc6
15. Bc3 bxc5 16. dxc5 Ra8 17. O-O Nxc3 18. Qxc3 Qf6 19. Qd2 Rd8 20. b5 Ne5 21.
Nxe5 Qxe5 22. c6 Bc8 23. Rd1 d5 24. Qd4 Qxd4 25. exd4 Kf8 26. f4 Ke7 27. Ra1 g6
28. Kf2 Kd6 29. Ra3 Rf8 30. h4 Ke7 31. h5 Rg8 32. hxg6 hxg6 33. Rh3 g5 34. fxg5
Kd6 35. Rh6 Ke7 36. Bf3 e5 37. Rh7+ Kd6 38. dxe5+ Kc5 39. Rxc7 Kxb5 40. Bxd5
1-0

[Event "Grenke Chess Classic (tie-break) 2015"]
[Site "Baden Baden GER"]
[Date "2015.02.08"]
[Round "2"]
[White "Naiditsch, Arkadij"]
[Black "Carlsen, Magnus"]
[Result "1-0"]
[WhiteElo "2706"]
[BlackElo "2865"]
[PlyCount "135"]
[EventDate "2015.02.08"]

1. e4 e5 2. Nf3 Nc6 3. Bb5 Nf6 4. Nc3 Bb4 5. O-O O-O 6. d3 d6 7. Bg5 Ne7 8. Re1
c6 9. Ba4 Ng6 10. Bb3 h6 11. Bd2 Bg4 12. h3 Bh5 13. g3 d5 14. Kg2 d4 15. Ne2
Bxf3+ 16. Kxf3 Bxd2 17. Qxd2 Nd7 18. a3 Kh8 19. Kg2 Nc5 20. Ba2 f5 21. exf5
Rxf5 22. Rf1 Qf6 23. f4 Rf8 24. Rae1 h5 25. Rf3 h4 26. g4 Nxf4+ 27. Kh2 Rg5 28.
Nxf4 exf4 29. b4 Nd7 30. Re6 Qd8 31. Qe1 Rb5 32. a4 Rb6 33. Re7 Nf6 34. Qxh4+
Nh7 35. Be6 Rf6 36. Bf5 Rh6 37. Qe1 Qd6 38. Re8+ Nf8 39. Qe7 Qxe7 40. Rxe7 Rxb4
41. Re8 Rf6 42. Rxf4 g6 43. g5 Rf7 44. Rh4+ Kg7 45. Be4 Rb2 46. Kg3 Rxc2 47.
Rf4 Rc5 48. h4 Ra5 49. Rxf7+ Kxf7 50. Rb8 b5 51. Rb7+ Ke6 52. axb5 cxb5 53. Kf4
Ra2 54. Rxb5 Rf2+ 55. Kg3 Re2 56. Ra5 Nd7 57. Ra6+ Ke7 58. Bxg6 Ne5 59. Be4
Nxd3 60. Bxd3 Re3+ 61. Kf4 Rxd3 62. h5 Rh3 63. h6 d3 64. Rxa7+ Ke6 65. Ra6+ Kf7
66. g6+ Ke7 67. g7 d2 68. g8=Q 1-0

[Event "Grenke Chess Classic (tie-break) 2015"]
[Site "Baden Baden GER"]
[Date "2015.02.09"]
[Round "3"]
[White "Carlsen, Magnus"]
[Black "Naiditsch, Arkadij"]
[Result "1/2-1/2"]
[WhiteElo "2865"]
[BlackElo "2706"]
[PlyCount "72"]
[EventDate "2015.02.08"]

1. d4 Nf6 2. c4 e6 3. Nf3 Bb4+ 4. Nbd2 b6 5. e3 Bb7 6. Bd3 c5 7. O-O cxd4 8.
exd4 O-O 9. a3 Be7 10. b4 a5 11. b5 d5 12. Bb2 Nbd7 13. a4 Rc8 14. Rc1 dxc4 15.
Nxc4 Nd5 16. g3 Nb4 17. Be2 Na2 18. Ra1 Bxf3 19. Bxf3 Rxc4 20. Rxa2 Nf6 21. Bc6
Nd5 22. Qe2 Rb4 23. Rd1 Rb3 24. Kg2 Qd6 25. Qc2 Qb4 26. Rda1 Rc8 27. Ba3 Qc3
28. Qxc3 Rxc3 29. Bxd5 Rxa3 30. Rxa3 Bxa3 31. Bxe6 fxe6 32. Rxa3 Rc4 33. Kf3
Rxd4 34. Rc3 Rxa4 35. Rc6 Kf7 36. Rxb6 Rb4 1/2-1/2